[Event "17ème Open International de La Réunion"]
[Site "Saint Denis"]
[Date "2015.10.10"]
[Round "1.1"]
[White "Sharma, Dinesh K"]
[Black "Melon, Antonin"]
[Result "1-0"]
[WhiteElo "2356"]
[BlackElo "1520"]
[PlyCount "43"]
[EventDate "2015.??.??"]

1. e4 e5 2. Nf3 Nc6 3. Bb5 a6 4. Ba4 b5 5. Bb3 Bc5 6. O-O d6 7. c3 Nf6 8. a4
Bg4 9. h3 Bh5 10. d3 h6 11. Re1 O-O 12. Nbd2 Re8 13. Nf1 Bb6 14. Ng3 Ne7 15.
Nxh5 Nxh5 16. Nxe5 dxe5 17. Qxh5 Kh8 18. axb5 axb5 19. Rxa8 Qxa8 20. Bxh6 gxh6
21. Bxf7 Kh7 22. Bxe8 1-0

[Event "17ème Open International de La Réunion"]
[Site "Saint Denis"]
[Date "2015.10.10"]
[Round "1.2"]
[White "Hoareau, Noe"]
[Black "Lorans, Sylvain"]
[Result "0-1"]
[WhiteElo "1495"]
[BlackElo "2188"]
[PlyCount "64"]
[EventDate "2015.??.??"]

1. e4 c5 2. c3 d6 3. d4 Nd7 4. Nf3 Qc7 5. Bf4 e5 6. dxe5 dxe5 7. Bg3 Ngf6 8.
Nbd2 Nh5 9. Bh4 Nf4 10. Nc4 Be7 11. Bxe7 Kxe7 12. Ne3 Nf6 13. Nd5+ N6xd5 14.
exd5 Bg4 15. h3 Bh5 16. d6+ Qxd6 17. Qxd6+ Kxd6 18. O-O-O+ Kc7 19. g4 e4 20.
Ne5 Bg6 21. Bc4 Rae8 22. Rd7+ Kc8 23. Nxg6 Nxg6 24. Rxf7 Ne5 25. Rf5 g6 26.
Rxe5 Rxe5 27. Re1 Rf8 28. f4 Rxf4 29. Bd3 e3 30. Kd1 Rf2 31. Re2 Rd5 32. Kc2
Rxe2+ 0-1

[Event "17ème Open International de La Réunion"]
[Site "Saint Denis"]
[Date "2015.10.10"]
[Round "1.3"]
[White "Harshal, Shahi"]
[Black "Oster, Jean-Marie"]
[Result "1-0"]
[WhiteElo "2079"]
[BlackElo "1474"]
[PlyCount "47"]
[EventDate "2015.??.??"]

1. e4 c5 2. Nf3 Nc6 3. d4 cxd4 4. Nxd4 Nf6 5. Nc3 e6 6. Ndb5 d6 7. Bf4 e5 8.
Bg5 a6 9. Na3 Be7 10. Nc4 b5 11. Bxf6 gxf6 12. Ne3 Bb7 13. Nf5 Rc8 14. Nd5 Na5
15. Nfxe7 Bxd5 16. Nxc8 Qxc8 17. exd5 Ke7 18. Qd2 Nc4 19. Bxc4 Qxc4 20. Qd3
Qb4+ 21. c3 Qxb2 22. O-O Qa3 23. Qe3 f5 24. Qg5+ 1-0

[Event "17ème Open International de La Réunion"]
[Site "Saint Denis"]
[Date "2015.10.10"]
[Round "1.4"]
[White "Assie, Joel"]
[Black "Mezouaghi, Miloud"]
[Result "0-1"]
[WhiteElo "1450"]
[BlackElo "2074"]
[PlyCount "84"]
[EventDate "2015.??.??"]

1. d4 Nf6 2. c4 g6 3. Nc3 d5 4. Bf4 Bg7 5. Nf3 O-O 6. e3 c6 7. Bd3 Bg4 8. Be2
Bxf3 9. Bxf3 dxc4 10. O-O Nd5 11. Bg5 h6 12. Bh4 Na6 13. a3 Qd7 14. Qe2 b5 15.
Rfd1 e6 16. Ne4 f5 17. Nc5 Nxc5 18. dxc5 g5 19. Bg3 g4 20. Bxd5 cxd5 21. Bd6
Rf7 22. Rab1 Qc6 23. f3 h5 24. Qf2 Bf8 25. Qh4 Bxd6 26. cxd6 Qxd6 27. Qxh5 Rh7
28. Qg5+ Rg7 29. Qh5 gxf3 30. Qxf3 Rh7 31. g3 Qe5 32. Rd4 Kf7 33. h4 Rg8 34.
Kf2 Rhg7 35. Rg1 Rg4 36. Rxg4 Qxb2+ 37. Qe2 Qxe2+ 38. Kxe2 Rxg4 39. Rg2 a5 40.
Kd2 b4 41. axb4 axb4 42. Kc2 Kg6 0-1

[Event "17ème Open International de La Réunion"]
[Site "Saint Denis"]
[Date "2015.10.10"]
[Round "1.5"]
[White "Ralison, Milanto Harifidy"]
[Black "Collet, Marine Celine There"]
[Result "1-0"]
[WhiteElo "2046"]
[BlackElo "1450"]
[PlyCount "39"]
[EventDate "2015.??.??"]

1. e4 e5 2. Nf3 Nc6 3. d4 exd4 4. Bc4 d6 5. Nxd4 g6 6. Nc3 Bg7 7. Be3 Bd7 8.
Qd2 Qh4 9. Bg5 Qh5 10. Nxc6 Bxc6 11. Be2 Bxc3 12. bxc3 Qxe2+ 13. Qxe2 f6 14.
Be3 O-O-O 15. g3 f5 16. Bd4 d5 17. Bxh8 dxe4 18. f4 e3 19. Rd1 Nf6 20. Rxd8+
1-0

[Event "17ème Open International de La Réunion"]
[Site "Saint Denis"]
[Date "2015.10.10"]
[Round "1.6"]
[White "Jouve, Marius"]
[Black "Gretry, Patrice"]
[Result "0-1"]
[WhiteElo "1430"]
[BlackElo "1997"]
[PlyCount "86"]
[EventDate "2015.??.??"]

1. e4 d6 2. Nf3 Nf6 3. d3 c5 4. Nc3 Nc6 5. Bf4 g6 6. Be2 Bg7 7. O-O O-O 8. Re1
a6 9. Qd2 Re8 10. Bh6 Bh8 11. a3 b5 12. Qf4 Ng4 13. h3 Nxh6 14. Qxh6 Bg7 15.
Qf4 b4 16. axb4 cxb4 17. Nd5 e6 18. Ne3 Bxb2 19. Rab1 Bc3 20. Rec1 Ne5 21. Qh6
Nxf3+ 22. Bxf3 Ra7 23. Nf1 a5 24. Ng3 Qf6 25. Rd1 Qg7 26. Qe3 Bd4 27. Qf4 Qe5
28. Qc1 Qxg3 29. Rd2 Qf4 30. Kf1 e5 31. Rb3 Be6 32. Rb1 Ba2 33. Rd1 Bxb1 34.
Qxb1 Bc3 35. Qb3 a4 36. Qd5 Qf6 37. Qb5 Rea8 38. d4 a3 39. dxe5 dxe5 40. Qc5 a2
41. Ke2 Qa6+ 42. Rd3 a1=Q 43. Qxa7 Qe1# 0-1

[Event "17ème Open International de La Réunion"]
[Site "Saint Denis"]
[Date "2015.10.10"]
[Round "1.7"]
[White "Schneider, Wolfram"]
[Black "Dace, Jean Emeric"]
[Result "1-0"]
[WhiteElo "1988"]
[BlackElo "1399"]
[PlyCount "38"]
[EventDate "2015.??.??"]

1. d4 g6 2. Nf3 Bg7 3. c4 c5 4. g3 cxd4 5. Nxd4 Qb6 6. Nb5 a6 7. Qa4 Bh6 8.
N1c3 Qc6 9. Nd5 axb5 10. Qxa8 Qxc4 11. Bxh6 Nxh6 12. Qxb8 O-O 13. Bg2 e6 14.
Ne7+ Kh8 15. O-O Ng4 16. Qd6 Re8 17. Rac1 Qxe2 18. Rxc8 Rxc8 19. Nxc8 Qxb2 1-0

[Event "17ème Open International de La Réunion"]
[Site "Saint Denis"]
[Date "2015.10.10"]
[Round "1.8"]
[White "Jotee, Ashvin"]
[Black "Calmels, Nicolas"]
[Result "0-1"]
[WhiteElo "1399"]
[BlackElo "1945"]
[PlyCount "96"]
[EventDate "2015.??.??"]

1. c4 Nf6 2. Nc3 e6 3. g3 d5 4. cxd5 exd5 5. d4 Bd6 6. Bg2 c6 7. Nf3 Bf5 8. Bg5
h6 9. Bxf6 Qxf6 10. O-O O-O 11. a3 Nd7 12. b4 a6 13. Qb3 Nb6 14. Na4 Nc4 15.
Nb2 Nxb2 16. Qxb2 Qe7 17. e3 Bd3 18. Rfd1 Be4 19. Ne5 Bxg2 20. Kxg2 Kh7 21.
Qc2+ g6 22. Nd3 Qe4+ 23. Kg1 h5 24. Ne1 Qg4 25. Ng2 Rae8 26. Ra2 Kh6 27. Qe2
Qh3 28. Qf3 Re4 29. Nf4 Bxf4 30. exf4 Rfe8 31. Raa1 Re2 32. Qg2 Qf5 33. Rac1
Rc2 34. Rxc2 Qxc2 35. Qf3 Re2 36. Rf1 Qb2 37. f5 g5 38. h4 Re4 39. hxg5+ Kxg5
40. Kg2 Qxd4 41. Rh1 h4 42. gxh4+ Rxh4 43. Rxh4 Kxh4 44. Qg3+ Kh5 45. f4 Qf6
46. Qf3+ Kh6 47. Qh3+ Kg7 48. Qg4+ Kf8 0-1

[Event "17ème Open International de La Réunion"]
[Site "Saint Denis"]
[Date "2015.10.10"]
[Round "1.9"]
[White "Dijoux, Julien"]
[Black "Petry, Joachim"]
[Result "1-0"]
[WhiteElo "1908"]
[BlackElo "1399"]
[PlyCount "61"]
[EventDate "2015.??.??"]

1. d4 d5 2. c4 e6 3. Nc3 Nf6 4. Bg5 Be7 5. Nf3 O-O 6. e3 b6 7. cxd5 exd5 8. Qc2
a5 9. Bd3 h6 10. Bh4 Bg4 11. Ne5 Be6 12. f4 Bc8 13. O-O c5 14. Bxf6 Bxf6 15.
Nxd5 Bb7 16. Nxf6+ Qxf6 17. dxc5 Rc8 18. Rac1 Rxc5 19. Qa4 Qe7 20. Rxc5 bxc5
21. Bc4 Ba6 22. Bxf7+ Qxf7 23. Nxf7 Kxf7 24. Rd1 Ra7 25. Qb3+ Ke7 26. Qb6 Rb7
27. Qg6 Bc4 28. Qxg7+ Bf7 29. Qe5+ Be6 30. f5 Rb6 31. Qxc5+ 1-0

[Event "17ème Open International de La Réunion"]
[Site "Saint Denis"]
[Date "2015.10.10"]
[Round "1.10"]
[White "Sawmynaden, Righen"]
[Black "Horny, Guenter"]
[Result "0-1"]
[WhiteElo "1399"]
[BlackElo "1878"]
[PlyCount "78"]
[EventDate "2015.??.??"]

1. d4 Nf6 2. c4 g6 3. Nc3 d6 4. e4 Bg7 5. Nf3 O-O 6. Be2 c6 7. O-O Nbd7 8. Qc2
a6 9. a4 e5 10. dxe5 dxe5 11. b4 Qc7 12. a5 Re8 13. c5 Nf8 14. Na4 Bg4 15. Rd1
Ne6 16. Bb2 Bxf3 17. Bxf3 Nd4 18. Bxd4 exd4 19. Rd2 d3 20. Rxd3 Ng4 21. Rad1
Qxh2+ 22. Kf1 Ne5 23. Rd6 Bf8 24. Nb6 Bxd6 25. cxd6 Rad8 26. d7 Re6 27. Qd2 Qh4
28. Qd4 f5 29. Kg1 Qg5 30. Be2 fxe4 31. Qxe4 Qf6 32. f4 Re7 33. fxe5 Rxe5 34.
Bc4+ Kg7 35. Qd4 Re1+ 36. Kh2 Re5 37. Rf1 Rh5+ 38. Kg1 Qxd4+ 39. Rf2 Rf8 0-1

[Event "17ème Open International de La Réunion"]
[Site "Saint Denis"]
[Date "2015.10.10"]
[Round "1.11"]
[White "Payet, Jean-Claude"]
[Black "Sawmynaden, Vicken"]
[Result "1-0"]
[WhiteElo "1872"]
[BlackElo "1399"]
[PlyCount "107"]
[EventDate "2015.??.??"]

1. e4 e5 2. Nf3 Nc6 3. d4 exd4 4. Bc4 d6 5. Nxd4 Bd7 6. O-O Ne5 7. Bb3 Nf6 8.
Nc3 Be7 9. f4 Nc6 10. Nxc6 Bxc6 11. e5 dxe5 12. Qxd8+ Rxd8 13. fxe5 Nd5 14.
Nxd5 Bxd5 15. Ba4+ c6 16. Be3 a6 17. Bb6 Rc8 18. Rad1 O-O 19. a3 f6 20. exf6
Bxf6 21. c3 Bg5 22. Rxf8+ Rxf8 23. Bc2 Re8 24. Bd3 Bb3 25. Rf1 Be3+ 26. Bxe3
Rxe3 27. Rf3 Rxf3 28. gxf3 Bd5 29. Kf2 g6 30. Ke3 Kf7 31. a4 a5 32. c4 Be6 33.
Kd4 b6 34. c5 bxc5+ 35. Kxc5 Bb3 36. Bc4+ Bxc4 37. Kxc4 Ke6 38. Kc5 Ke5 39.
Kxc6 Kf4 40. Kb5 h5 41. b4 axb4 42. Kxb4 Kxf3 43. a5 Kg2 44. a6 g5 45. a7 Kxh2
46. a8=Q Kh3 47. Qh1+ Kg4 48. Kc3 h4 49. Kd3 Kg3 50. Qg1+ Kf4 51. Qf1+ Kg3 52.
Ke3 g4 53. Qh1 h3 54. Qg1+ 1-0

[Event "17ème Open International de La Réunion"]
[Site "Saint Denis"]
[Date "2015.10.10"]
[Round "1.12"]
[White "Semrau, Christoph"]
[Black "Riviere, Etienne"]
[Result "0-1"]
[WhiteElo "1399"]
[BlackElo "1846"]
[PlyCount "54"]
[EventDate "2015.??.??"]

1. d4 Nf6 2. e3 d5 3. Nc3 Bf5 4. Nge2 e6 5. a3 Nbd7 6. Ng3 Bg6 7. Be2 Be7 8.
O-O O-O 9. Bd3 Bxd3 10. Qxd3 c5 11. dxc5 Nxc5 12. Qe2 Qc7 13. b4 Ncd7 14. Bb2
Rfc8 15. Rfd1 a5 16. bxa5 Rxa5 17. Rdc1 Nb6 18. Nb5 Qd7 19. Nc3 Nc4 20. Nxd5
exd5 21. Bxf6 Bxf6 22. Ra2 Rxa3 23. Rxa3 Nxa3 24. Qd3 Rc3 25. Qe2 g6 26. e4 Bg5
27. Rd1 d4 0-1

[Event "17ème Open International de La Réunion"]
[Site "Saint Denis"]
[Date "2015.10.10"]
[Round "1.13"]
[White "Rajaonson, Andriamahenina"]
[Black "Etheve, Lionel"]
[Result "1-0"]
[WhiteElo "1840"]
[BlackElo "1390"]
[PlyCount "125"]
[EventDate "2015.??.??"]

1. e4 e5 2. Nf3 d6 3. d4 f6 4. Nc3 Ne7 5. Be2 Be6 6. O-O Ng6 7. d5 Bf7 8. Be3
a6 9. b4 Be7 10. Bd3 O-O 11. Ne2 Re8 12. c4 Nf8 13. Ng3 c6 14. Nf5 Bh5 15. Be2
Nfd7 16. Nxe7+ Qxe7 17. Nh4 Bxe2 18. Qxe2 g6 19. Qg4 Nf8 20. Rac1 cxd5 21. cxd5
Qd7 22. Qg3 Qb5 23. Rc7 Nbd7 24. Rfc1 Qxb4 25. Qg4 Rac8 26. h3 Rxc7 27. Rxc7
Nc5 28. Bxc5 dxc5 29. d6 Qd4 30. Nf5 Qd2 31. Ne7+ Kh8 32. Nd5 Qc1+ 33. Kh2 Rd8
34. Rxb7 Qg5 35. Qxg5 fxg5 36. Rb6 a5 37. Ra6 Ne6 38. Nc7 Nxc7 39. dxc7 Rc8 40.
Rc6 Kg7 41. a4 Kf7 42. Rxc5 Ke6 43. Kg3 Kf6 44. Kf3 Ke6 45. Kg4 h6 46. Rc6+ Kf7
47. g3 Kg7 48. h4 gxh4 49. Kxh4 Kf7 50. Kg4 Kg7 51. f4 exf4 52. Kxf4 Kf7 53.
Ke5 Kg7 54. Kd6 g5 55. Kd7 Rxc7+ 56. Kxc7 h5 57. Kb6 h4 58. gxh4 gxh4 59. Kxa5
h3 60. Kb6 h2 61. Rc1 Kf6 62. a5 Ke5 63. a6 1-0

[Event "17ème Open International de La Réunion"]
[Site "Saint Denis"]
[Date "2015.10.10"]
[Round "1.14"]
[White "Sandjivy, Mateo"]
[Black "Ratsimikatry, Caryl Patrick"]
[Result "0-1"]
[WhiteElo "1384"]
[BlackElo "1836"]
[PlyCount "80"]
[EventDate "2015.??.??"]

1. e4 c6 2. Nc3 d5 3. exd5 cxd5 4. d4 Nf6 5. Nf3 Bg4 6. Be2 e6 7. a3 Be7 8. h3
Bh5 9. O-O O-O 10. Bf4 a6 11. Qd3 Nc6 12. Ng5 Bg6 13. Qd1 Qb6 14. Rb1 Nxd4 15.
Bd3 Bxd3 16. Qxd3 h6 17. Nf3 Nxf3+ 18. Qxf3 Rac8 19. Rfe1 Rc4 20. b3 Rc6 21. b4
Rfc8 22. Rb3 Rc4 23. Qg3 Nh5 24. Na4 Qc6 25. Qf3 Rxf4 26. Qxh5 Qxa4 27. Rg3 Bg5
28. Re5 Qxc2 29. Rexg5 Qxf2+ 30. Kh2 hxg5 31. Rxg5 Rh4 32. Rxg7+ Kxg7 33. Qg5+
Kf8 34. Qe5 Qf4+ 35. Qxf4 Rxf4 36. Kg1 Rc2 37. Kh1 Rff2 38. Kh2 Rxg2+ 39. Kh1
Rgd2 40. Kg1 Rc1# 0-1

[Event "17ème Open International de La Réunion"]
[Site "Saint Denis"]
[Date "2015.10.10"]
[Round "1.15"]
[White "Frelicot, Eric"]
[Black "Romain, Juliane"]
[Result "1-0"]
[WhiteElo "1787"]
[BlackElo "1364"]
[PlyCount "73"]
[EventDate "2015.??.??"]

1. c4 e5 2. Nc3 Nf6 3. Nf3 Nc6 4. g3 Bc5 5. Bg2 O-O 6. O-O d6 7. Na4 Bd4 8. e3
Bb6 9. Nxb6 axb6 10. d4 Bg4 11. h3 Bd7 12. b3 Qc8 13. Kh2 exd4 14. Nxd4 Ne5 15.
Bb2 Re8 16. Nf3 Bc6 17. Nxe5 Bxg2 18. Kxg2 dxe5 19. Qf3 c5 20. Rfd1 Qc7 21. a3
Rad8 22. Rxd8 Rxd8 23. Rd1 Nd7 24. Qd5 Qc6 25. Qxc6 bxc6 26. Bxe5 Kf8 27. Bb2
f6 28. Rd6 Ke7 29. Rxc6 Rb8 30. b4 h6 31. f4 g6 32. Kf3 h5 33. g4 hxg4+ 34.
hxg4 Rh8 35. Kg3 Rh1 36. g5 fxg5 37. fxg5 1-0

[Event "17ème Open International de La Réunion"]
[Site "Saint Denis"]
[Date "2015.10.10"]
[Round "1.16"]
[White "Ringayen, Francinel"]
[Black "Rajaobelina, Hery"]
[Result "0-1"]
[WhiteElo "1320"]
[BlackElo "1787"]
[PlyCount "94"]
[EventDate "2015.??.??"]

1. e4 c5 2. Nf3 d6 3. Nc3 Nf6 4. d4 cxd4 5. Qxd4 a6 6. Qd3 e6 7. Bg5 Be7 8. e5
dxe5 9. Qxd8+ Bxd8 10. Nxe5 h6 11. Bxf6 Bxf6 12. Nc4 Bxc3+ 13. bxc3 Nd7 14.
Nd6+ Ke7 15. Nxc8+ Raxc8 16. c4 Ne5 17. Rb1 Rc7 18. Bd3 Rd8 19. Ke2 Rdd7 20.
Rhd1 Nc6 21. Kd2 Na5 22. Kc3 b5 23. c5 Rxc5+ 24. Kb4 Nb7 25. Be4 Rc4+ 26. Kb3
Nc5+ 27. Kb2 Nxe4 28. Rxd7+ Kxd7 29. Rd1+ Ke7 30. f3 Nc3 31. Rd2 Nd5 32. g3 g5
33. Rd3 Rxc2+ 34. Kxc2 Nb4+ 35. Kc3 Nxd3 36. Kxd3 Kd6 37. Kd4 f5 38. a3 e5+ 39.
Kc3 a5 40. Kd3 Kd5 41. h3 b4 42. a4 e4+ 43. fxe4+ fxe4+ 44. Ke3 b3 45. g4 b2
46. h4 b1=Q 47. h5 Qe1# 0-1

[Event "17ème Open International de La Réunion"]
[Site "Saint Denis"]
[Date "2015.10.10"]
[Round "1.17"]
[White "Desire, Michael"]
[Black "Sandjivy, Jean Marc"]
[Result "1-0"]
[WhiteElo "1783"]
[BlackElo "1320"]
[PlyCount "53"]
[EventDate "2015.??.??"]

1. d4 e6 2. c4 Nf6 3. Nc3 Bb4 4. Nf3 Ne4 5. Qc2 Nxc3 6. bxc3 Ba5 7. e4 O-O 8.
e5 d6 9. Bd3 h6 10. O-O Nc6 11. Be3 b6 12. Rac1 Bb7 13. Qd2 Ne7 14. Bxh6 Bxf3
15. gxf3 gxh6 16. Qxh6 Ng6 17. Bxg6 fxg6 18. Qxg6+ Kh8 19. Qh6+ Kg8 20. Kh1 Kf7
21. Rg1 Ke7 22. Rg7+ Rf7 23. Qf6+ Kd7 24. Rxf7+ Kc6 25. Qxe6 Kb7 26. exd6 Qxd6
27. Qxd6 1-0

[Event "17ème Open International de La Réunion"]
[Site "Saint Denis"]
[Date "2015.10.10"]
[Round "1.18"]
[White "Sandjivy, Vivien"]
[Black "Desor, Helmut"]
[Result "0-1"]
[WhiteElo "1318"]
[BlackElo "1767"]
[PlyCount "118"]
[EventDate "2015.??.??"]

1. Nf3 d5 2. d4 Nf6 3. Bf4 c5 4. c3 cxd4 5. cxd4 Qb6 6. b3 Nc6 7. e3 e6 8. Bd3
Bb4+ 9. Nfd2 O-O 10. a3 Ba5 11. Bd6 Bxd2+ 12. Nxd2 Re8 13. Bc5 Qd8 14. O-O b6
15. Bb5 Bd7 16. Bd6 a6 17. Bd3 b5 18. b4 Ne7 19. Rc1 Rc8 20. Nf3 Ne4 21. Bxe4
dxe4 22. Ng5 Rxc1 23. Qh5 h6 24. Qxf7+ Kh8 25. Rxc1 hxg5 26. Qh5+ Kg8 27. Qxg5
Nf5 28. Qf4 Nxd6 29. Qxd6 Bc8 30. Qe5 Bb7 31. Rc7 Re7 32. Rxe7 Qxe7 33. Qb8+
Kf7 34. h3 Qd7 35. Kh2 Ke7 36. Qe5 Qd6 37. Qxd6+ Kxd6 38. Kg3 Kd5 39. Kf4 Kc4
40. g4 Kb3 41. g5 Kxa3 42. h4 a5 43. h5 axb4 44. h6 gxh6 45. gxh6 b3 46. h7 b2
47. h8=Q b1=Q 48. Qd8 Qb4 49. Qb6 Bd5 50. Qa6+ Kb3 51. Qa1 Qc3 52. Qb1+ Qb2 53.
Qd1+ Qc2 54. Qf1 b4 55. Ke5 Kc3 56. Qe1+ Qd2 57. Qh1 Kd3 58. Qf1+ Kc2 59. Qa1
b3 0-1

[Event "17ème Open International de La Réunion"]
[Site "Saint Denis"]
[Date "2015.10.10"]
[Round "1.19"]
[White "Bah, Ismael"]
[Black "Laoussing, Mathis"]
[Result "1-0"]
[WhiteElo "1754"]
[BlackElo "1270"]
[PlyCount "91"]
[EventDate "2015.??.??"]

1. d4 Nf6 2. c4 g6 3. Nf3 Bg7 4. Nc3 d5 5. e3 O-O 6. Be2 Nc6 7. O-O Bf5 8. a3
Qd7 9. cxd5 Nxd5 10. Nxd5 Qxd5 11. Nd2 Be6 12. Bf3 Qd7 13. Qc2 Bf5 14. Qa4 a6
15. Qb3 b5 16. Qc3 Rad8 17. Qxc6 Qxc6 18. Bxc6 e6 19. Nb3 Bf6 20. Bf3 e5 21. e4
Be6 22. d5 Bd7 23. Na5 Rb8 24. b4 Rfc8 25. Nb3 Bg7 26. Nc5 Be8 27. Nxa6 Ra8 28.
Nc5 Bf8 29. Be3 f5 30. Rfc1 c6 31. exf5 gxf5 32. dxc6 Bxc6 33. Bxc6 Rxc6 34.
Nd7 Rxc1+ 35. Rxc1 Rxa3 36. Nxf8 Kxf8 37. Bc5+ Kf7 38. g3 f4 39. gxf4 exf4 40.
Kg2 h5 41. Re1 h4 42. h3 Rc3 43. f3 Rc2+ 44. Kg1 Kf6 45. Bf2 Rb2 46. Bd4+ 1-0

[Event "17ème Open International de La Réunion"]
[Site "Saint Denis"]
[Date "2015.10.10"]
[Round "1.20"]
[White "Caminade, Hugo"]
[Black "Goorsahye, Antoine"]
[Result "0-1"]
[WhiteElo "1247"]
[BlackElo "1741"]
[PlyCount "52"]
[EventDate "2015.??.??"]

1. Nf3 d5 2. g3 c6 3. Bg2 Nf6 4. d3 Nbd7 5. c3 e5 6. Nbd2 Be7 7. b4 O-O 8. O-O
a5 9. Qb3 axb4 10. cxb4 Re8 11. Bb2 Bd6 12. e3 Nf8 13. Rac1 Ng6 14. h3 h6 15.
Rfe1 Be6 16. d4 e4 17. Ne5 Bxe5 18. dxe5 Nd7 19. f4 exf3 20. Nxf3 Qb6 21. Bd4
Qc7 22. Qd3 Ndxe5 23. Qb1 Nxf3+ 24. Bxf3 Qxg3+ 25. Kf1 Qxf3+ 26. Kg1 Bxh3 0-1

[Event "17ème Open International de La Réunion"]
[Site "Saint Denis"]
[Date "2015.10.10"]
[Round "1.21"]
[White "Genne, Rene"]
[Black "Caminade, Lionel"]
[Result "1-0"]
[WhiteElo "1727"]
[BlackElo "1220"]
[PlyCount "81"]
[EventDate "2015.??.??"]

1. b4 d5 2. Bb2 Nf6 3. e3 e6 4. b5 b6 5. Nf3 Nbd7 6. Be2 Bd6 7. h3 h6 8. O-O
O-O 9. d3 Bb7 10. Nbd2 Re8 11. c4 c6 12. a4 a5 13. Qc2 cxb5 14. axb5 Rc8 15.
Rfc1 e5 16. Qd1 Nc5 17. d4 e4 18. dxc5 exf3 19. Bxf3 Bxc5 20. Nb3 Qd6 21. Nxc5
Qxc5 22. Bxf6 gxf6 23. cxd5 Qxb5 24. Qd4 Qb4 25. Qxf6 Rxc1+ 26. Rxc1 Rc8 27.
Rxc8+ Bxc8 28. Bh5 Qb1+ 29. Kh2 Qh7 30. Qd8+ Kg7 31. Qxc8 Qg8 32. Qc7 a4 33. d6
a3 34. Qc3+ f6 35. Qxa3 Qd5 36. Qa7+ Kf8 37. Qe7+ Kg8 38. d7 Qe5+ 39. Qxe5 fxe5
40. d8=Q+ Kg7 41. Qxb6 1-0

[Event "17ème Open International de La Réunion"]
[Site "Saint Denis"]
[Date "2015.10.10"]
[Round "1.22"]
[White "Evrin, Selvam"]
[Black "Gaudissard, Dominique"]
[Result "0-1"]
[WhiteElo "1220"]
[BlackElo "1723"]
[PlyCount "110"]
[EventDate "2015.??.??"]

1. e4 e5 2. Nf3 Nc6 3. Bc4 Bc5 4. O-O Nf6 5. d3 h6 6. Nc3 d6 7. Re1 O-O 8. Be3
Bb6 9. Bxb6 axb6 10. Qd2 Na5 11. Bd5 c6 12. Bb3 Nxb3 13. axb3 Bg4 14. Nh4 Qd7
15. f3 Be6 16. g4 Nh7 17. Kf2 Ng5 18. Ng2 Qe7 19. h4 Nh7 20. Ne2 Qf6 21. Ne3
Qxh4+ 22. Ng3 Qg5 23. Rh1 Nf6 24. Rad1 d5 25. Nh5 d4 26. Nxf6+ Qxf6 27. Nf5
Bxf5 28. exf5 Ra2 29. Rdg1 Qg5 30. f4 Qxf4+ 31. Qxf4 exf4 32. g5 hxg5 33. Rxg5
f6 34. Rg6 Rxb2 35. Rhg1 Rxc2+ 36. Kf3 Rf7 37. Kxf4 c5 38. Re1 Kf8 39. Rg3 Rf2+
40. Kg4 Re7 41. Re6 Rxe6 42. fxe6 Ke7 43. Kh4 g5+ 44. Kh3 Kxe6 45. Rg4 Re2 46.
Rg3 Re3 47. Kg4 f5+ 48. Kh3 Rxg3+ 49. Kxg3 Ke5 50. Kf3 g4+ 51. Kg3 b5 52. Kh4
Kf4 53. Kh5 g3 54. Kh4 g2 55. Kh3 g1=Q 0-1

[Event "17ème Open International de La Réunion"]
[Site "Saint Denis"]
[Date "2015.10.10"]
[Round "1.23"]
[White "Andriandaza, Tombo Omar"]
[Black "Boyer, Mathis"]
[Result "1-0"]
[WhiteElo "1721"]
[BlackElo "1210"]
[PlyCount "89"]
[EventDate "2015.??.??"]

1. e4 e5 2. Nf3 Nc6 3. c3 Bc5 4. Bc4 Nf6 5. d3 d6 6. a4 Ng4 7. O-O O-O 8. b4 d5
9. Bxd5 Bd6 10. Qe2 Be6 11. Ba2 a5 12. b5 Na7 13. h3 Nf6 14. c4 h6 15. Bb2 Nd7
16. Nbd2 c6 17. Rfc1 Nc5 18. Bb1 Qf6 19. d4 exd4 20. e5 Qe7 21. exd6 Qxd6 22.
Bxd4 Nd7 23. Bd3 c5 24. Bc3 Nc8 25. Rd1 Ne7 26. Nb3 b6 27. Bh7+ Kxh7 28. Rxd6
Nf5 29. Rxe6 fxe6 30. Qxe6 Nb8 31. Ne5 Rf6 32. Qd5 Ne7 33. Qe4+ Ng6 34. Qxa8
Nxe5 35. Bxe5 Re6 36. Qxb8 Kg6 37. Qd6 Rxd6 38. Bxd6 Kf6 39. Re1 g5 40. Bc7 Kf5
41. Bxb6 h5 42. Bxa5 g4 43. hxg4+ hxg4 44. g3 Kg5 45. b6 1-0

[Event "17ème Open International de La Réunion"]
[Site "Saint Denis"]
[Date "2015.10.10"]
[Round "1.24"]
[White "Boyer, Frederick"]
[Black "Duprey, Francois-Xavier"]
[Result "0-1"]
[WhiteElo "1200"]
[BlackElo "1720"]
[PlyCount "62"]
[EventDate "2015.??.??"]

1. e4 d5 2. Nc3 d4 3. Nd5 e6 4. Nf4 e5 5. Nd3 Bd6 6. Nf3 Qe7 7. c3 c5 8. c4 Nf6
9. Qe2 b6 10. b3 Bb7 11. Ndxe5 Bxe5 12. d3 O-O 13. Bb2 Nc6 14. Qd2 Qc7 15. g3
Rae8 16. O-O-O b5 17. Be2 bxc4 18. dxc4 Nxe4 19. Qe1 Bf6 20. Bd3 Nc3 21. Bxh7+
Kxh7 22. Qd2 Nxa2+ 23. Kb1 Ncb4 24. Ng5+ Bxg5 25. Qxg5 Bxh1 26. Rxd4 Re1+ 27.
Bc1 Rxc1+ 28. Kb2 Rc2+ 29. Ka1 cxd4 30. Qh5+ Kg8 31. g4 Qf4 0-1

[Event "17ème Open International de La Réunion"]
[Site "Saint Denis"]
[Date "2015.10.10"]
[Round "1.25"]
[White "Vitry, Patrick"]
[Black "Padre, Maxime"]
[Result "1-0"]
[WhiteElo "1712"]
[BlackElo "1200"]
[PlyCount "69"]
[EventDate "2015.??.??"]

1. e4 d5 2. exd5 Nf6 3. Nf3 Nxd5 4. d4 Nc6 5. c4 Nf6 6. d5 Nb8 7. Qa4+ Qd7 8.
Qxd7+ Bxd7 9. Nc3 c6 10. Bg5 h6 11. Bxf6 exf6 12. O-O-O Na6 13. a3 O-O-O 14.
Bd3 Bc5 15. Ne4 Rhe8 16. b4 Bf8 17. Nc3 Nc7 18. dxc6 Bxc6 19. Bf5+ Bd7 20.
Bxd7+ Rxd7 21. Rxd7 Kxd7 22. Rd1+ Kc8 23. Rd2 Rd8 24. Nd4 Ne6 25. Nd5 Nc7 26.
Nxc7 Kxc7 27. Nb5+ Kc8 28. Nxa7+ Kc7 29. Nb5+ Kc8 30. Rxd8+ Kxd8 31. Kd2 Kd7
32. Kd3 Kc6 33. Ke4 Be7 34. Nd4+ Kd6 35. Nf5+ 1-0

[Event "17ème Open International de La Réunion"]
[Site "Saint Denis"]
[Date "2015.10.10"]
[Round "1.26"]
[White "Dazin, Nathan"]
[Black "Neu, Jeannot"]
[Result "0-1"]
[WhiteElo "1199"]
[BlackElo "1694"]
[PlyCount "56"]
[EventDate "2015.??.??"]

1. e4 c6 2. Nf3 d5 3. e5 Bf5 4. Bd3 Bxd3 5. cxd3 e6 6. O-O Nd7 7. d4 Qb6 8. Nc3
Nh6 9. d3 Nf5 10. Be3 Nxe3 11. fxe3 Be7 12. e4 Qxb2 13. Qd2 Qxd2 14. Nxd2 Bb4
15. Nxd5 cxd5 16. Nf3 dxe4 17. dxe4 Nb6 18. Ng5 O-O 19. Rf3 h6 20. Nh3 Rac8 21.
Rb1 Bc3 22. Rc1 Bxd4+ 23. Kf1 Rxc1+ 24. Ke2 Bxe5 25. g3 Rc2+ 26. Kd3 Rxa2 27.
Nf2 Rd8+ 28. Ke3 Nc4# 0-1

[Event "17ème Open International de La Réunion"]
[Site "Saint Denis"]
[Date "2015.10.10"]
[Round "1.27"]
[White "Herrero, Alain"]
[Black "Poudroux, Mathilde"]
[Result "1-0"]
[WhiteElo "1689"]
[BlackElo "1199"]
[PlyCount "75"]
[EventDate "2015.??.??"]

1. d4 d5 2. c4 e5 3. dxe5 dxc4 4. Qa4+ Bd7 5. Qxc4 Nc6 6. Nf3 Qe7 7. e4 Nxe5 8.
Nxe5 Qxe5 9. Nc3 Nf6 10. Bd3 Bd6 11. h3 O-O 12. Be3 b5 13. Qb3 c6 14. f4 Qe6
15. Qxe6 Bxe6 16. e5 Nd5 17. Nxd5 Bxd5 18. exd6 Bxg2 19. Rh2 Rfe8 20. Kf2 Bd5
21. Bc5 a6 22. Kg3 Be4 23. Rd1 Bd5 24. b3 a5 25. Rdd2 a4 26. b4 a3 27. Rhe2 f6
28. Re7 Kf8 29. Rde2 Rad8 30. d7 Rxe7 31. Bxe7+ Kf7 32. Bxd8 Be6 33. Bc2 Bc4
34. Re7+ Kf8 35. Re8+ Kf7 36. Bb6 Bxa2 37. d8=Q Be6 38. Qe7# 1-0